000 00702nam a2200205 a 4500
001 000033041
003 DO-SdBNP
005 20220729094602.0
007 ta
008 110808s1902 dr 000 0 spa d
040 _aDO-SdBNP
_bspa
_cBNPHU
082 _axxxx
_bxxx
110 2 _aRepública Dominicana
_9447
_bMinisterio de Hacienda y Comercio
245 1 0 _aExposición del Ministro de Hacienda y Comercio ;
_bmensaje del presidente de la República al Congreso Nacional e informes de la Comisión de Hacienda y Comercio./
260 _aSanto Domingo :
_bLa Cuna de América,
_c1902.
300 _a281 p. ;
_c23 cm.
590 _aInventariado, 2022/ YL
910 _aYLockward
942 _2ddc
_cLBS1
999 _c32532
_d32532